Future Oriented Thinking Index vybraných evropských zemí

Náčrt jednej z možností sledovania vývoja vybraných krajín pomocou Future Oriented Thinking Index (FOTI) a porovnanie vývoja stredoeurópskej krajiny (Českej republiky) s ďalšími európskými štátmi. Metodika, výpočet a porovnanie celkového FOTI s čiastkovými indexami zameranými na ekonomické, environm...

Ausführliche Beschreibung

Gespeichert in:
Bibliographische Detailangaben
1. Verfasser: Teichmann, Jiří
Format: Buchkapitel
Sprache:Tschechisch
Schlagworte:
Tags: Tag hinzufügen
Keine Tags, Fügen Sie das erste Tag hinzu!

MARC

LEADER 00000nla a2200000 4500
001 0200281
005 20240417075057.3
041 0 |a cze 
044 |a SK 
245 1 0 |a Future Oriented Thinking Index vybraných evropských zemí  |c Jiří Teichmann 
520 |a Náčrt jednej z možností sledovania vývoja vybraných krajín pomocou Future Oriented Thinking Index (FOTI) a porovnanie vývoja stredoeurópskej krajiny (Českej republiky) s ďalšími európskými štátmi. Metodika, výpočet a porovnanie celkového FOTI s čiastkovými indexami zameranými na ekonomické, environmentálne, sociálne, zdravotné a vzdelávacie aspekty, ale tiež inými alternatívnými ukazovateľmi kvality života. 
610 2 0 |a Česko 
610 2 0 |a Moldavsko 
610 2 0 |a Grécko 
610 2 0 |a porovnanie medzinárodné 
610 2 0 |a vzdelávanie 
610 2 0 |a starostlivosť zdravotná 
610 2 0 |a indexy 
610 2 0 |a kvalita života 
100 1 |a Teichmann, Jiří